<?xml version="1.0" encoding="UTF-8"?>
<record
    xmlns:xsi="http://www.w3.org/2001/XMLSchema-instance"
    xsi:schemaLocation="http://www.loc.gov/MARC21/slim http://www.loc.gov/standards/marcxml/schema/MARC21slim.xsd"
    xmlns="http://www.loc.gov/MARC21/slim">

  <leader>00492nam a2200157 i 4500</leader>
  <controlfield tag="001">58827</controlfield>
  <controlfield tag="003">ES-MaACL</controlfield>
  <controlfield tag="005">20230906163910.0</controlfield>
  <controlfield tag="007">t|</controlfield>
  <controlfield tag="008">031024s1969    sp           ||||1| baq d</controlfield>
  <datafield tag="100" ind1="1" ind2=" ">
    <subfield code="a">Etxebarria, Jon Gotzon (</subfield>
    <subfield code="d">1934-1996)</subfield>
    <subfield code="9">48305</subfield>
  </datafield>
  <datafield tag="245" ind1="1" ind2="0">
    <subfield code="a">Ezpata zorrotza (olerkiak) </subfield>
    <subfield code="b">: ezkatuto aria (antzerkia) / </subfield>
    <subfield code="c">Etxebarria'tar Juan Angel.</subfield>
  </datafield>
  <datafield tag="260" ind1=" " ind2=" ">
    <subfield code="a">[Bilbao : </subfield>
    <subfield code="b">s.n., </subfield>
    <subfield code="c">1969] (</subfield>
    <subfield code="f">Gr&#xE1;f. Bilbao)</subfield>
  </datafield>
  <datafield tag="300" ind1=" " ind2=" ">
    <subfield code="a">65 p. ; </subfield>
    <subfield code="c">17 cm.</subfield>
  </datafield>
  <datafield tag="852" ind1=" " ind2=" ">
    <subfield code="a">ES-MaACL</subfield>
    <subfield code="j">C-51255 </subfield>
    <subfield code="b">R.71850</subfield>
  </datafield>
  <datafield tag="999" ind1=" " ind2=" ">
    <subfield code="c">58827</subfield>
    <subfield code="d">58827</subfield>
  </datafield>
  <datafield tag="952" ind1=" " ind2=" ">
    <subfield code="0">0</subfield>
    <subfield code="1">0</subfield>
    <subfield code="4">0</subfield>
    <subfield code="7">0</subfield>
    <subfield code="a">ATENEOM</subfield>
    <subfield code="b">ATENEOM</subfield>
    <subfield code="c">DEPO2</subfield>
    <subfield code="d">2008-01-17</subfield>
    <subfield code="e">SC</subfield>
    <subfield code="l">0</subfield>
    <subfield code="o">C-51255</subfield>
    <subfield code="p">1061713</subfield>
    <subfield code="r">2023-02-23 00:00:00</subfield>
    <subfield code="w">2023-02-23</subfield>
    <subfield code="y">MONOGRAFIA</subfield>
  </datafield>
</record>
